Ang kusinerang langgam / (Record no. 21814)

000 -LEADER
fixed length control field 00648nam a22001697a 4500
003 - CONTROL NUMBER IDENTIFIER
control field OSt
005 - DATE AND TIME OF LATEST TRANSACTION
control field 20260122155048.0
008 - FIXED-LENGTH DATA ELEMENTS--GENERAL INFORMATION
fixed length control field 260122b xxua|||| |||| 00| 0 eng d
040 ## - CATALOGING SOURCE
Transcribing agency csu
100 ## - MAIN ENTRY--PERSONAL NAME
Personal name Concepcion, Ofelia E.,
Relator term author.
245 ## - TITLE STATEMENT
Title Ang kusinerang langgam /
Statement of responsibility, etc kwento ni Ofelia E. Concepcion; guhit ni Christian Tores; kober at kulay ni Redge S. Bayani.
260 ## - PUBLICATION, DISTRIBUTION, ETC. (IMPRINT)
Place of publication, distribution, etc [Place of publication not identified]:
Name of publisher, distributor, etc [Publisher not identified],
Date of publication, distribution, etc [Date of publication not identified].
300 ## - PHYSICAL DESCRIPTION
Extent 16 pages:
Other physical details color illustrations.
700 ## - ADDED ENTRY--PERSONAL NAME
Personal name Tores, Christian,
Relator term illustrator.
700 ## - ADDED ENTRY--PERSONAL NAME
Personal name Bayani, Redge S.,
Relator term cover color.
942 ## - ADDED ENTRY ELEMENTS (KOHA)
Source of classification or shelving scheme
Koha item type Books
Holdings
Price effective from Permanent Location Date last seen Not for loan Date acquired Source of classification or shelving scheme Koha item type Lost status Withdrawn status Copy number Source of acquisition Collection code Damaged status Barcode Shelving location Current Location Full call number
2026-01-22Cagayan State University - Carig Library2026-01-22 2026-01-22 Books  1DonationChildren Section C000658Children SectionCagayan State University - Carig LibraryCS C658 C7441
2026-01-22Cagayan State University - Carig Library2026-01-23 2026-01-23 Books  2DonationChildren Section C000875Children SectionCagayan State University - Carig LibraryCS C875 C7441
2026-01-22Cagayan State University - Carig Library2026-01-23 2026-01-23 Books  3DonationChildren Section C000876Children SectionCagayan State University - Carig LibraryCS C876 C7441
2026-01-22Cagayan State University - Carig Library2026-01-23 2026-01-23 Books  4DonationChildren Section C000877Children SectionCagayan State University - Carig LibraryCS C877 C7441

Cagayan State University University Library, Carig Campus
Tuguegarao City, Cagayan 3500 | www.csucarig.edu.ph

Powered by Koha